| 000 | 00463nam a22001457a 4500 | ||
|---|---|---|---|
| 008 | 250522b |||||||| |||| 00| 0 eng d | ||
| 020 | _a9780794455320 | ||
| 050 |
_aHQ18 _b.S49 |
||
| 100 | _aLaguda Danoye Oguntola | ||
| 245 |
_aSex and sexuality in Africa and Africa diaspora _bA social & ethical engagement |
||
| 260 |
_aZimbabwe _bAfrican institute for culture, peace, dialogue & tolerance studies |
||
| 300 | _avii, 253p. | ||
| 650 | _aSex-Africa | ||
| 942 | _cBK | ||
| 999 |
_c3626 _d3626 |
||